书目信息

书名: 同属顾客对顾客不当行为的反应模式研究 
作者: 费显政
出版信息: 武汉   武汉大学出版社  2019.8
开本页数: 24cm  138页
丛书名:
单 册:
中图分类: F713.5
科图分类:
主题词: 消费者行为论--xiao fei zhe xing wei lun--研究
电子资源:
ISBN: 978-7-307-21099-8
000 01480nam0 2200253 450
001 012019000135
005 20191113101300.5
010    @a978-7-307-21099-8@dCNY29.00
100    @a20191006d2019 em y0chiy50 ea
101 @achi
102    @aCN@b420000
105    @aak a 000yy
106    @ar
200 @a同属顾客对顾客不当行为的反应模式研究@Atong shu gu ke dui gu ke bu dang xing wei de fan ying mo shi yan jiu@f费显政等著
210    @a武汉@c武汉大学出版社@d2019.8
215    @a138页@c图@d24cm
300    @a国家自然科学基金面上项目“同属顾客对顾客不当行为的反应模式研究”(71372211) 研究成果
320    @a有书目 (第121-136页)
330    @a在服务情境中, 有不良顾客违反可接受的行为规范, 给企业、一线员工和其他在场的顾客 (即同属顾客) 带来很大的影响和干扰, 他们的这种行为被称为顾客不当行为。现有研究顾客不当行为的文献未充分考虑同属顾客对顾客不当行为的反应模式。本专著计划从同属顾客对顾客不当行为的反应模式着手, 重点从同属顾客的角度, 研究以下几个问题: 同属顾客对顾客不当行为的反应模式有哪些? 是什么因素影响了同属顾客对反应模式的选择? 以及同属顾客的反应模式对自身和不良顾客分别带来了哪些影响? 从理论层面来看, 本专著丰富了顾客间非良性互动的研究视角, 拓展了情绪理论在消费行为领域的运用; 从实践层面来看, 本专著为企业如何预防和管理顾客不当行为提出相应的管理建议。
606 @a消费者行为论@Axiao fei zhe xing wei lun@x研究
690    @aF713.5@v5
701  0 @a费显政@Afei xian zheng@4著
801  0 @aCN@bCDNYKJZYXY@c20191113
905    @aCDNYKJZYXY@b300607415-7@dF713.5@e444@f3
    
    同属顾客对顾客不当行为的反应模式研究/费显政等著.-武汉:武汉大学出版社,2019.8
    138页:图;24cm
    国家自然科学基金面上项目“同属顾客对顾客不当行为的反应模式研究”(71372211) 研究成果
    
    ISBN 978-7-307-21099-8:CNY29.00
    在服务情境中, 有不良顾客违反可接受的行为规范, 给企业、一线员工和其他在场的顾客 (即同属顾客) 带来很大的影响和干扰, 他们的这种行为被称为顾客不当行为。现有研究顾客不当行为的文献未充分考虑同属顾客对顾客不当行为的反应模式。本专著计划从同属顾客对顾客不当行为的反应模式着手, 重点从同属顾客的角度, 研究以下几个问题: 同属顾客对顾客不当行为的反应模式有哪些? 是什么因素影响了同属顾客对反应模式的选择? 以及同属顾客的反应模式对自身和不良顾客分别带来了哪些影响? 从理论层面来看, 本专著丰富了顾客间非良性互动的研究视角, 拓展了情绪理论在消费行为领域的运用; 从实践层面来看, 本专著为企业如何预防和管理顾客不当行为提出相应的管理建议。
相关链接 在五车中查询图书 在当当中查询图书 在豆瓣中查询图书


正题名:同属顾客对顾客不当行为的反应模式研究     索取号:F713.5/444         预约/预借

序号 登录号 条形码 馆藏地/架位号 状态 备注
1 607415   300607415   柳城-5楼/18架3列2层/ [索取号:F713.5/444] 在馆    
2 607416   300607416   柳城-5楼/18架3列2层/ [索取号:F713.5/444] 在馆    
3 607417   300607417   柳城-5楼/18架3列2层/ [索取号:F713.5/444] 在馆